00201nam a2200073Ia 4500008004100000100002400041245004000065260002200105190216s9999||||xx |||||||||||||| ||und|| aGopalakrishnan Nair 0aKuandam Balathanthrathinde Harisree bKerala Basha Inst